000 00482nam a2200181Ia 4500
005 20250508162915.0
008 008 250505s9999 xx 000 0 eng d
037 _aTextual
040 _aFEDL
_beng
_cFEDL
041 _aeng
_2eng
084 _a500, CAS
_qFEDL
100 _aCasti John L
_9509186
245 0 _aParadigms lost : Images of man in the mirror of science
260 _c1989
300 _a565p.
942 _cTEXL
_h500, CAS
999 _c1379356
_d1379356